[Event "Tournoi francophone 022D"]
[Site "Skype"]
[Date "????.??.??"]
[Round "1.1"]
[White "Ruiz Aguilera, Juan Jesus"]
[Black "Bucherie, Volcy"]
[Result "1-0"]
[WhiteElo "1489"]
[BlackElo "1524"]
[PlyCount "35"]

1. e4 c6 2. Nc3 d5 3. Nf3 Bg4 4. h3 Bh5 5. exd5 cxd5 6. Bb5+ Nc6 7. g4 Bg6 8.
Ne5 Be4 9. Nxc6 bxc6 10. Bxc6+ Qd7 11. Bxd7+ Kxd7 12. Nxe4 dxe4 13. d3 Nf6 14.
g5 Nd5 15. dxe4 Rd8 16. Qxd5+ Kc7 17. Bf4+ Kc8 18. Qc6# 1-0

[Event "Tournoi francophone 022D"]
[Site "Skype"]
[Date "????.??.??"]
[Round "1.2"]
[White "Busto, Ricardo"]
[Black "Malbec, Robert"]
[Result "1-0"]
[WhiteElo "1549"]
[BlackElo "1499"]
[PlyCount "49"]

1. d4 d5 2. c4 e6 3. Nf3 Bb4+ 4. Bd2 Nf6 5. Bxb4 c6 6. cxd5 exd5 7. e3 a5 8.
Bd2 O-O 9. Be2 Be6 10. a4 Nbd7 11. O-O h6 12. Nc3 Nb6 13. Qc2 Qc8 14. e4 dxe4
15. Nxe4 Qd8 16. Nxf6+ Qxf6 17. Be3 Rad8 18. Rad1 Nd5 19. Bd2 Kh8 20. Bxa5 Ra8
21. Bd2 Rfe8 22. Ne5 Nf4 23. Bxf4 Qxf4 24. g3 Bh3 25. gxf4 1-0

[Event "Tournoi francophone 022D"]
[Site "Skype"]
[Date "????.??.??"]
[Round "1.3"]
[White "Briere, Jean"]
[Black "De Fazio, Monica"]
[Result "0-1"]
[WhiteElo "1585"]
[BlackElo "1566"]
[PlyCount "96"]

1. e4 e6 2. d4 d5 3. exd5 exd5 4. Nf3 Bd6 5. Nc3 Ne7 6. Bd3 c6 7. O-O O-O 8.
Re1 Bf5 9. Bxf5 Nxf5 10. Qd3 Qd7 11. Ne5 Bxe5 12. Rxe5 Ne7 13. Bf4 Ng6 14. Rf5
Nxf4 15. Rxf4 Qd6 16. Ne2 Re8 17. Qf5 Qe6 18. Re1 Nd7 19. Qxe6 Rxe6 20. Rf3
Rae8 21. Kf1 Nf6 22. h3 Ne4 23. Rd3 Kf8 24. Rdd1 g5 25. f3 Nd6 26. b3 Nf5 27.
Rd2 h5 28. Kf2 h4 29. Rg1 Nd6 30. g3 Rf6 31. Rd3 Ne4+ 32. Kg2 hxg3 33. Nxg3
Nxg3 34. Kxg3 Re2 35. Rg2 Rxg2+ 36. Kxg2 Re6 37. Kf2 Rh6 38. Kg3 Re6 39. Kf2
Kg7 40. Re3 Kg6 41. Rxe6+ fxe6 42. Ke3 Kh5 43. Kf2 b6 44. c4 c5 45. dxc5 bxc5
46. Kg3 d4 47. f4 d3 48. fxg5 d2 0-1

[Event "Tournoi francophone 022D"]
[Site "Skype"]
[Date "????.??.??"]
[Round "1.4"]
[White "Le Bouill, Pierre"]
[Black "Farfallini, Michel"]
[Result "0-1"]
[WhiteElo "1534"]
[BlackElo "1642"]
[PlyCount "88"]

1. d4 d5 2. Nf3 Nf6 3. h3 e6 4. c3 c6 5. Bf4 Bd6 6. Bh2 Qc7 7. e3 Nbd7 8. Nbd2
O-O 9. Be2 Bxh2 10. Nxh2 e5 11. e4 dxe4 12. Ng4 exd4 13. Nxf6+ Nxf6 14. cxd4 e3
15. fxe3 Qg3+ 16. Kf1 Qxe3 17. Bf3 Qxd4 18. b3 Bf5 19. Be2 Nd5 20. Nc4 Ne3+ 21.
Nxe3 Qxe3 22. Rc1 Rfd8 23. Qe1 Qf4+ 24. Kg1 Re8 25. Rc4 Qe3+ 26. Kh2 Bd3 27.
Rh4 Bxe2 28. Qb1 g6 29. Re1 Qe5+ 30. g3 Qc7 31. Qb2 Re3 32. Rg1 Bf3 33. Rf4
Re2+ 34. Qxe2 Bxe2 35. Rg2 Qe5 36. Rgf2 f5 37. h4 Rd8 38. Kh3 Rd5 39. Rg2 Bg4+
40. Kh2 Rd4 41. Rgf2 Qe3 42. Kg2 Rd3 43. Kf1 Qxg3 44. Rg2 Rd1# 0-1

[Event "Tournoi francophone 022D"]
[Site "Skype"]
[Date "????.??.??"]
[Round "1.5"]
[White "Milanese, Serge"]
[Black "Vincent, Andre"]
[Result "1/2-1/2"]
[WhiteElo "1521"]
[BlackElo "1533"]
[PlyCount "70"]

1. d4 Nf6 2. c4 d5 3. Nc3 Bf5 4. e3 h6 5. h3 e6 6. a3 Nbd7 7. Bd3 Bh7 8. Nf3 c5
9. O-O Bd6 10. Re1 Qc7 11. Nb5 Qb8 12. Nxd6+ Qxd6 13. Bxh7 Nxh7 14. b3 O-O 15.
Bb2 f6 16. Bc3 a5 17. a4 b6 18. Nd2 Qe7 19. e4 dxe4 20. Rxe4 Ng5 21. Re3 Qf7
22. Nf3 Rad8 23. Qe2 Rfe8 24. h4 Nxf3+ 25. Qxf3 cxd4 26. Bxd4 e5 27. Bc3 Nc5
28. Rd1 e4 29. Qe2 Rxd1+ 30. Qxd1 Qd7 31. Qxd7 Nxd7 32. b4 axb4 33. Bxb4 f5 34.
f4 h5 35. g3 Kf7 1/2-1/2

[Event "Tournoi francophone 022D"]
[Site "Skype"]
[Date "????.??.??"]
[Round "2.1"]
[White "Bucherie, Volcy"]
[Black "Vincent, Andre"]
[Result "0-1"]
[WhiteElo "1524"]
[BlackElo "1533"]
[PlyCount "116"]

1. Nf3 Nf6 2. g3 c6 3. Bg2 d5 4. d4 Bf5 5. O-O e6 6. c4 Nbd7 7. Nc3 Be7 8. a3
O-O 9. b4 Nb6 10. Ne5 Rc8 11. c5 Nc4 12. Nxc4 dxc4 13. e4 Bg6 14. h4 Bh5 15. f3
Nd7 16. Qe2 b5 17. cxb6 Nxb6 18. b5 Qxd4+ 19. Be3 Qxc3 20. Bxb6 axb6 21. a4
Bc5+ 22. Kh2 Rfd8 23. g4 Rd2 24. Qe1 Rxg2+ 25. Kxg2 Qc2+ 26. Rf2 Bxf2 27. Qxf2
Qxf2+ 28. Kxf2 Bxg4 29. fxg4 cxb5 30. axb5 g6 31. h5 Kg7 32. Ke3 c3 33. Rc1 Kf6
34. Kd3 Ke5 35. Rxc3 Rxc3+ 36. Kxc3 Kxe4 37. g5 Kd5 38. hxg6 hxg6 39. Kb4 e5
40. Kc3 e4 41. Kd2 Kd4 42. Ke2 e3 43. Kf3 Kd3 44. Kf4 Ke2 45. Ke5 Kf3 46. Kf6
e2 47. Kxf7 e1=Q 48. Kxg6 Kf4 49. Kh6 Qh1+ 50. Kg6 Qg1 51. Kf6 Qxg5+ 52. Ke6
Qe5+ 53. Kd7 Qxb5+ 54. Kc7 Qc5+ 55. Kd7 Ke5 56. Ke8 Qc7 57. Kf8 Kf6 58. Kg8
Qg7# 0-1

[Event "Tournoi francophone 022D"]
[Site "Skype"]
[Date "????.??.??"]
[Round "2.2"]
[White "Farfallini, Michel"]
[Black "Milanese, Serge"]
[Result "0-1"]
[WhiteElo "1642"]
[BlackElo "1521"]
[PlyCount "40"]

1. e4 e5 2. Nf3 Nc6 3. Bb5 d6 4. Bxc6+ bxc6 5. O-O Nf6 6. d3 Be7 7. c3 h6 8.
Qb3 O-O 9. Be3 Nd7 10. d4 Ba6 11. Re1 Bd3 12. Nbd2 a6 13. c4 Bxe4 14. Nxe4 c5
15. d5 f5 16. Bd2 fxe4 17. Rxe4 Qe8 18. Nh4 Nf6 19. Qg3 Nxe4 20. Bxh6 Nxg3 0-1

[Event "Tournoi francophone 022D"]
[Site "Skype"]
[Date "????.??.??"]
[Round "2.3"]
[White "De Fazio, Monica"]
[Black "Le Bouill, Pierre"]
[Result "1-0"]
[WhiteElo "1566"]
[BlackElo "1534"]
[PlyCount "123"]

1. d4 d5 2. Nf3 Nf6 3. c4 e6 4. g3 g6 5. Bg2 Bg7 6. O-O O-O 7. Nc3 c6 8. b3 Re8
9. Bb2 Nbd7 10. Qc2 e5 11. cxd5 cxd5 12. Rfe1 Rb8 13. e4 exd4 14. Nxd4 dxe4 15.
Nxe4 Nxe4 16. Bxe4 Nf6 17. Rad1 Nxe4 18. Rxe4 Rxe4 19. Qxe4 Bf5 20. Qe2 Qe8 21.
Qxe8+ Rxe8 22. Nxf5 gxf5 23. Bxg7 Kxg7 24. Kf1 Rc8 25. Rd5 Kg6 26. b4 Rc1+ 27.
Kg2 Rc8 28. a4 Rc4 29. Rd6+ Kg7 30. Rd5 Rxb4 31. a5 Kg6 32. Rd6+ Kg7 33. a6
bxa6 34. Rxa6 Rb7 35. h4 h6 36. h5 Kf8 37. Rxh6 Rb6 38. Rh8+ Kg7 39. Ra8 Ra6
40. Kh3 Ra4 41. f4 Ra1 42. g4 Ra3+ 43. Kh4 fxg4 44. Kxg4 Ra4 45. Rd8 Ra6 46.
Rd5 f6 47. Rd7+ Kh6 48. Rf7 Ra5 49. Rxf6+ Kg7 50. Rg6+ Kf7 51. f5 Ra4+ 52. Kg5
Ra3 53. Rf6+ Ke7 54. Re6+ Kf7 55. Kh6 Rf3 56. Re5 Kf6 57. Re8 Kxf5 58. Rf8+ Kg4
59. Rxf3 Kxf3 60. Kg7 Kg4 61. h6 Kg5 62. h7 1-0

[Event "Tournoi francophone 022D"]
[Site "Skype"]
[Date "????.??.??"]
[Round "2.4"]
[White "Malbec, Robert"]
[Black "Briere, Jean"]
[Result "0-1"]
[WhiteElo "1499"]
[BlackElo "1585"]
[PlyCount "68"]

1. d4 d5 2. c4 Nf6 3. Nc3 Bf5 4. Bg5 e6 5. Nf3 Be7 6. Bxf6 Bxf6 7. e3 O-O 8. b3
Nc6 9. Bd3 Bxd3 10. Qxd3 Nb4 11. Qd2 Nc6 12. a3 Na5 13. Qc2 dxc4 14. bxc4 Nxc4
15. h4 g6 16. h5 Nd6 17. hxg6 fxg6 18. Qd2 Bg7 19. e4 Nf7 20. Rh2 h5 21. Ke2
Bh6 22. Qd3 Kg7 23. e5 Ng5 24. Nh4 Qe8 25. Ne4 Nxe4 26. Qxe4 Qf7 27. Rf1 Bf4
28. Rh3 Bg5 29. Rf3 Qe8 30. Rxf8 Kxf8 31. Nxg6+ Kg7 32. Rh1 Qxg6 33. Qxg6+ Kxg6
34. Rxh5 Kxh5 0-1

[Event "Tournoi francophone 022D"]
[Site "Skype"]
[Date "????.??.??"]
[Round "2.5"]
[White "Ruiz Aguilera, Juan Jesus"]
[Black "Busto, Ricardo"]
[Result "1/2-1/2"]
[WhiteElo "1489"]
[BlackElo "1549"]
[PlyCount "56"]

1. e4 c6 2. d4 d5 3. e5 c5 4. dxc5 Qa5+ 5. Qd2 Qxc5 6. Qc3 Qxc3+ 7. Nxc3 e6 8.
Bb5+ Nc6 9. Nf3 Nge7 10. Be3 Bd7 11. O-O a6 12. Bxc6 Nxc6 13. Nd4 Nxe5 14. f4
Ng4 15. Rf3 Nxe3 16. Rxe3 Bc5 17. Rd1 O-O 18. Re5 Bb6 19. Kf1 Bc7 20. Re2 Bxf4
21. g3 Bg5 22. h4 Bf6 23. Kg2 b5 24. a3 Rab8 25. Nf3 b4 26. axb4 Rxb4 27. b3
Bxc3 28. Rd3 Bf6 1/2-1/2

[Event "Tournoi francophone 022D"]
[Site "Skype"]
[Date "????.??.??"]
[Round "3.1"]
[White "Busto, Ricardo"]
[Black "Bucherie, Volcy"]
[Result "0-1"]
[WhiteElo "1549"]
[BlackElo "1524"]
[PlyCount "38"]

1. Nf3 Nf6 2. g3 g6 3. Bg2 Bg7 4. d4 O-O 5. O-O Ne4 6. Nbd2 d5 7. Nxe4 dxe4 8.
Ng5 Bf5 9. Bxe4 Bxe4 10. Nxe4 e6 11. c3 Nc6 12. Bg5 f6 13. Be3 e5 14. Qb3+ Rf7
15. dxe5 Nxe5 16. Rad1 Qe7 17. Bc5 Qe8 18. Qxb7 Rb8 19. Qxc7 Rxc7 0-1

[Event "Tournoi francophone 022D"]
[Site "Skype"]
[Date "????.??.??"]
[Round "3.2"]
[White "Briere, Jean"]
[Black "Ruiz Aguilera, Juan Jesus"]
[Result "1/2-1/2"]
[WhiteElo "1585"]
[BlackElo "1489"]
[PlyCount "95"]

1. e4 c5 2. Nf3 d6 3. c4 Qb6 4. Nc3 Bg4 5. Be2 Nc6 6. Nd5 Qa5 7. O-O Bxf3 8.
Bxf3 Nd4 9. b3 e6 10. Nf4 e5 11. Nd5 Nf6 12. Nxf6+ gxf6 13. d3 Rg8 14. Be3
O-O-O 15. Bxd4 exd4 16. Qe1 Qxe1 17. Rfxe1 Bh6 18. h3 Kb8 19. Re2 Rde8 20. Rae1
Re5 21. Bg4 Bg5 22. g3 Ree8 23. f4 Bxf4 24. gxf4 h5 25. Rg2 hxg4 26. Rxg4 Rxg4+
27. hxg4 Rg8 28. Rf1 Rxg4+ 29. Kh2 Kc7 30. Kh3 Rg8 31. f5 Kc6 32. a3 b5 33.
cxb5+ Kxb5 34. Rb1 Kc6 35. Rc1 Kd7 36. b4 cxb4 37. axb4 Rh8+ 38. Kg2 Rg8+ 39.
Kh3 Rc8 40. Rxc8 Kxc8 41. Kg4 Kc7 42. Kh5 Kc6 43. Kh6 Kd7 44. Kg7 Ke7 45. b5
Ke8 46. Kg8 Ke7 47. Kg7 Ke8 48. Kg8 1/2-1/2

[Event "Tournoi francophone 022D"]
[Site "Skype"]
[Date "????.??.??"]
[Round "3.3"]
[White "Le Bouill, Pierre"]
[Black "Malbec, Robert"]
[Result "1-0"]
[WhiteElo "1534"]
[BlackElo "1499"]
[PlyCount "41"]

1. d4 d5 2. Nf3 Nf6 3. h3 e6 4. Bf4 Bd6 5. Bh2 Bxh2 6. Nxh2 Qd6 7. e3 O-O 8.
Bd3 Qb6 9. b3 Nc6 10. a3 a5 11. O-O Bd7 12. Nd2 Ne7 13. Ng4 Ne8 14. Ne5 Bb5 15.
c4 Bc6 16. Qg4 g6 17. c5 Qa7 18. b4 f5 19. Qe2 a4 20. b5 Qb8 21. bxc6 1-0

[Event "Tournoi francophone 022D"]
[Site "Skype"]
[Date "????.??.??"]
[Round "3.4"]
[White "Milanese, Serge"]
[Black "De Fazio, Monica"]
[Result "1/2-1/2"]
[WhiteElo "1521"]
[BlackElo "1566"]
[PlyCount "77"]

1. e4 e6 2. d4 d5 3. exd5 exd5 4. Nc3 c5 5. Nf3 Nc6 6. Be2 Be6 7. O-O Bd6 8.
Be3 Nge7 9. a3 Nf5 10. dxc5 Nxe3 11. fxe3 Bxc5 12. Qd2 d4 13. exd4 Bxd4+ 14.
Nxd4 Qxd4+ 15. Qxd4 Nxd4 16. Bd3 O-O 17. Rf4 Rad8 18. Rd1 Nc6 19. Kf2 Ne5 20.
h3 Nxd3+ 21. cxd3 Rd7 22. Ne4 Rd4 23. Ke3 Rfd8 24. Nf6+ gxf6 25. Rxd4 Re8 26.
Rd6 Bb3+ 27. Kd2 Bxd1 28. Kxd1 Kg7 29. g4 Re3 30. h4 Rg3 31. Rd4 Rg1+ 32. Kd2
Rg2+ 33. Kc3 Kg6 34. b4 Ra2 35. Rd5 Rxa3+ 36. Kd4 Kg7 37. Kc4 Ra4 38. Ra5 Rxa5
39. bxa5 1/2-1/2

[Event "Tournoi francophone 022D"]
[Site "Skype"]
[Date "????.??.??"]
[Round "3.5"]
[White "Vincent, Andre"]
[Black "Farfallini, Michel"]
[Result "0-1"]
[WhiteElo "1533"]
[BlackElo "1642"]
[PlyCount "104"]

1. e4 e5 2. Nf3 Nc6 3. Bc4 Be7 4. c3 Nf6 5. Qc2 Bc5 6. O-O d6 7. h3 O-O 8. d3
Nh5 9. b4 Bb6 10. Bg5 Qe8 11. g4 Be6 12. Nbd2 f6 13. Be3 Bxc4 14. Nxc4 Bxe3 15.
gxh5 Bh6 16. Ncd2 Qxh5 17. Kg2 Ne7 18. Qb3+ Kh8 19. Qe6 Ng6 20. Qg4 Nf4+ 21.
Kh2 Qxg4 22. hxg4 Nxd3 23. Nc4 b5 24. Na3 a6 25. Rad1 Nf4 26. Rg1 g5 27. Nc2
Ne2 28. Ne3 Nxg1 29. Kxg1 c6 30. Nf5 Bg7 31. Rxd6 Rfc8 32. Nd2 Rc7 33. Nf1 c5
34. N1g3 Rf7 35. Nh5 Bf8 36. Re6 cxb4 37. cxb4 Bxb4 38. Nxf6 a5 39. Nh6 Rxf6
40. Rxf6 Bc5 41. Rc6 Bd4 42. Kg2 Rf8 43. f3 Rb8 44. Nf5 Bb6 45. Ne7 Bd8 46. Nd5
b4 47. Rh6 a4 48. Re6 Ba5 49. Rxe5 a3 50. Rxg5 b3 51. axb3 a2 52. Nf6 a1=Q 0-1

[Event "Tournoi francophone 022D"]
[Site "Skype"]
[Date "????.??.??"]
[Round "4.1"]
[White "Bucherie, Volcy"]
[Black "Farfallini, Michel"]
[Result "0-1"]
[WhiteElo "1524"]
[BlackElo "1642"]
[PlyCount "142"]

1. Nf3 d6 2. d4 Nf6 3. d5 e5 4. dxe6 Bxe6 5. Ng5 Bf5 6. g3 h6 7. Nf3 Nc6 8. Bg2
Qd7 9. O-O Bh3 10. c4 Bxg2 11. Kxg2 O-O-O 12. Nc3 Kb8 13. Qa4 d5 14. Be3 d4 15.
Bxd4 Nxd4 16. Qxd7 Rxd7 17. Ne5 Re7 18. Nd3 Nxe2 19. Nd5 Nxd5 20. cxd5 Rd7 21.
Ne5 Rxd5 22. Nxf7 Rh7 23. Kf3 Nd4+ 24. Ke4 Rd7 25. Ne5 Rd8 26. Nf7 Re8+ 27.
Kxd4 Bc5+ 28. Kxc5 b6+ 29. Kc6 g5 30. Kd7 Rf8 31. Rfe1 Rhxf7+ 32. Ke6 Rxf2 33.
Kd7 Rxh2 34. Re6 Rd2+ 35. Ke7 Rh8 36. Rf1 Rh7+ 37. Kf6 Rd8 38. Kg6 Rhh8 39. Kg7
Rdg8+ 40. Kf6 Rf8+ 41. Kg7 Rhg8+ 42. Kh7 Rxf1 43. Kxg8 Kb7 44. Kg7 Rf3 45. Kxh6
Rxg3 46. Rg6 Rg2 47. Kh5 Rxb2 48. Kxg5 Rxa2 49. Kf5 Rd2 50. Ke4 Rd8 51. Ke5 a5
52. Ke6 a4 53. Ke7 Ra8 54. Kd7 a3 55. Rc6 Rc8 56. Rc3 a2 57. Rc1 c5 58. Ra1 Ra8
59. Kd6 c4 60. Kd5 c3 61. Kc4 c2 62. Re1 c1=Q+ 63. Rxc1 a1=Q 64. Rc2 Qa4+ 65.
Kc3 Ra5 66. Re2 Rb5 67. Re7+ Kc6 68. Re6+ Kd7 69. Rh6 Rb3+ 70. Kd2 Qa2+ 71. Kd1
Rb1# 0-1

[Event "Tournoi francophone 022D"]
[Site "Skype"]
[Date "????.??.??"]
[Round "4.2"]
[White "De Fazio, Monica"]
[Black "Vincent, Andre"]
[Result "1-0"]
[WhiteElo "1566"]
[BlackElo "1533"]
[PlyCount "81"]

1. d4 Nf6 2. Nf3 d5 3. g3 c6 4. Bg2 e6 5. O-O Be7 6. c4 O-O 7. Nc3 Nbd7 8. Bf4
a6 9. a4 c5 10. cxd5 exd5 11. Rc1 b6 12. Ne5 Nxe5 13. Bxe5 Bb7 14. Bxf6 Bxf6
15. dxc5 Bxc3 16. Rxc3 Rc8 17. cxb6 g6 18. Rxc8 Bxc8 19. Qxd5 Qxb6 20. Qd2 Rd8
21. Qc2 Bf5 22. e4 Be6 23. Rc1 Qb3 24. Qxb3 Bxb3 25. a5 Rd1+ 26. Rxd1 Bxd1 27.
Bf1 Bc2 28. f3 Kf8 29. Bxa6 Ba4 30. b4 Ke7 31. b5 Kd7 32. b6 Bc6 33. Bc4 f6 34.
Bd5 Bb5 35. b7 Kc7 36. f4 Ba6 37. e5 fxe5 38. fxe5 Bxb7 39. Bxb7 Kxb7 40. e6
Ka6 41. e7 1-0

[Event "Tournoi francophone 022D"]
[Site "Skype"]
[Date "????.??.??"]
[Round "4.3"]
[White "Malbec, Robert"]
[Black "Milanese, Serge"]
[Result "1/2-1/2"]
[WhiteElo "1499"]
[BlackElo "1521"]
[PlyCount "56"]

1. e4 c5 2. Nc3 Nc6 3. d3 e6 4. Nf3 Nf6 5. Be2 Be7 6. Bf4 a6 7. h3 d6 8. O-O
O-O 9. Qd2 Re8 10. Rfe1 e5 11. Bg5 Nd7 12. Bxe7 Rxe7 13. Qg5 Nd4 14. Rac1 Nxf3+
15. Bxf3 Nf6 16. Qg3 Bd7 17. Re3 b5 18. Be2 g6 19. Rf3 Re8 20. Qg5 Kg7 21. Qh4
Rh8 22. g4 h5 23. g5 Ng4 24. hxg4 hxg4 25. Qg3 gxf3 26. Bxf3 Rh3 27. Qg2 Rxf3
28. Re1 Rh3 1/2-1/2

[Event "Tournoi francophone 022D"]
[Site "Skype"]
[Date "????.??.??"]
[Round "4.4"]
[White "Ruiz Aguilera, Juan Jesus"]
[Black "Le Bouill, Pierre"]
[Result "1-0"]
[WhiteElo "1489"]
[BlackElo "1534"]
[PlyCount "63"]

1. e4 d6 2. d4 c6 3. Bd3 Nf6 4. b3 h6 5. Bd2 e6 6. Ne2 Be7 7. a4 a5 8. O-O O-O
9. Be3 Nbd7 10. Ng3 Nh7 11. Qf3 Bg5 12. Bf4 Bxf4 13. Qxf4 e5 14. Qd2 exd4 15.
Na3 Ndf6 16. Qf4 Bg4 17. Nc4 d5 18. exd5 cxd5 19. Ne5 Be6 20. Ne2 Ng5 21. Qxd4
Nfe4 22. f4 Nh7 23. f5 Bd7 24. Bxe4 Re8 25. Bxd5 Re7 26. Bxf7+ Rxf7 27. Nxf7
Kxf7 28. Qd5+ Kf8 29. Nf4 Qb6+ 30. Kh1 Qc6 31. Ng6+ Ke8 32. Qg8+ 1-0

[Event "Tournoi francophone 022D"]
[Site "Skype"]
[Date "????.??.??"]
[Round "4.5"]
[White "Busto, Ricardo"]
[Black "Briere, Jean"]
[Result "1-0"]
[WhiteElo "1549"]
[BlackElo "1585"]
[PlyCount "71"]

1. d4 d5 2. c4 Bf5 3. cxd5 Qxd5 4. Nc3 Qd8 5. e4 Bg6 6. Nf3 Nf6 7. Bd3 e6 8.
O-O Nc6 9. Be3 Bd6 10. e5 Bxd3 11. Qxd3 Nxe5 12. dxe5 Be7 13. Qxd8+ Rxd8 14.
exf6 Bxf6 15. Rac1 c6 16. b4 b6 17. Ne4 Be7 18. a3 f5 19. Nc3 O-O 20. Ne2 Rd3
21. Bf4 Rxa3 22. Rxc6 Bxb4 23. Rxe6 Ra2 24. Nfd4 Bc5 25. Bd6 Bxd6 26. Rxd6 b5
27. Nc3 Rd2 28. Ncxb5 a5 29. Ra6 Ra2 30. Nc3 Ra3 31. Ndb5 Rb3 32. Rxa5 Rc8 33.
Rc1 Rb2 34. Kf1 Rd8 35. Ra2 Rb3 36. Rac2 1-0

[Event "Tournoi francophone 022D"]
[Site "Skype"]
[Date "????.??.??"]
[Round "5.1"]
[White "Briere, Jean"]
[Black "Bucherie, Volcy"]
[Result "0-1"]
[WhiteElo "1585"]
[BlackElo "1524"]
[PlyCount "80"]

1. e4 c6 2. d4 d5 3. exd5 cxd5 4. Nc3 Nf6 5. Nf3 Nc6 6. Bb5 a6 7. Bxc6+ bxc6 8.
Ne5 Bb7 9. O-O e6 10. Bf4 c5 11. dxc5 Bxc5 12. Nd3 Qb6 13. Nxc5 Qxc5 14. Be3 d4
15. Qxd4 Qc6 16. f3 O-O 17. Rad1 Rad8 18. Qb6 Qc8 19. Nb5 axb5 20. c3 Nd5 21.
Qd4 Nxe3 22. Qxe3 Rxd1 23. Rxd1 Rd8 24. Qe2 Rxd1+ 25. Qxd1 Qc5+ 26. Kh1 h6 27.
Qd8+ Kh7 28. Qd3+ f5 29. h3 g5 30. g4 Kg6 31. gxf5+ exf5 32. Kg2 h5 33. b4 Qc6
34. Qe3 h4 35. Kf2 Qd5 36. Qe8+ Kf6 37. Qh8+ Ke6 38. Qg8+ Ke5 39. Qxd5+ Kxd5
40. Ke3 Kc4 0-1

[Event "Tournoi francophone 022D"]
[Site "Skype"]
[Date "????.??.??"]
[Round "5.2"]
[White "Le Bouill, Pierre"]
[Black "Busto, Ricardo"]
[Result "1-0"]
[WhiteElo "1534"]
[BlackElo "1549"]
[PlyCount "73"]

1. Nf3 Nf6 2. d4 g6 3. c3 Bg7 4. Bf4 d6 5. h3 O-O 6. e3 Nbd7 7. Be2 Re8 8. O-O
e5 9. dxe5 dxe5 10. Bh2 e4 11. Nd4 c5 12. Nb5 Qb6 13. Qc2 a6 14. Nc7 Ra7 15.
Nxe8 Nxe8 16. Nd2 Nef6 17. Rab1 Qc6 18. f3 Bh6 19. Bf4 Bxf4 20. exf4 e3 21. Ne4
Qe6 22. b3 b5 23. Qd3 Bb7 24. Qxe3 Nxe4 25. fxe4 Bxe4 26. Rbc1 Nf6 27. Qxc5 Ra8
28. Qe3 Re8 29. Rfe1 Qc6 30. Bf3 Bxf3 31. Qxf3 Qc5+ 32. Kh2 Rf8 33. c4 b4 34.
Re5 Qd4 35. Rd1 Qb2 36. Qe2 Qc3 37. Re3 1-0

[Event "Tournoi francophone 022D"]
[Site "Skype"]
[Date "????.??.??"]
[Round "5.3"]
[White "Milanese, Serge"]
[Black "Ruiz Aguilera, Juan Jesus"]
[Result "0-1"]
[WhiteElo "1521"]
[BlackElo "1489"]
[PlyCount "58"]

1. e4 e5 2. Nf3 Nc6 3. Bc4 Bc5 4. c3 Nf6 5. O-O Nxe4 6. d4 d5 7. dxc5 dxc4 8.
Qe2 Qd3 9. Qxd3 cxd3 10. Nbd2 Nxc5 11. Re1 O-O 12. Ne4 Nxe4 13. Rxe4 Bf5 14.
Re3 e4 15. Nd4 Nxd4 16. cxd4 Rad8 17. d5 Rxd5 18. f3 d2 19. Bxd2 Rxd2 20. fxe4
Re8 21. Rae1 Bg6 22. h3 Rxb2 23. a4 Rd2 24. Kh2 f6 25. Kg3 Kh8 26. Kf4 Rxg2 27.
Rh1 Bh5 28. Rc1 g5+ 29. Kf5 Rf2+ 0-1

[Event "Tournoi francophone 022D"]
[Site "Skype"]
[Date "????.??.??"]
[Round "5.4"]
[White "Vincent, Andre"]
[Black "Malbec, Robert"]
[Result "1-0"]
[WhiteElo "1533"]
[BlackElo "1499"]
[PlyCount "69"]

1. c4 e5 2. Nc3 Bb4 3. e3 Bxc3 4. bxc3 Nc6 5. d4 exd4 6. cxd4 d6 7. Bd2 Nf6 8.
Bd3 O-O 9. Nf3 Bg4 10. h3 Bh5 11. O-O d5 12. Rb1 b6 13. Qe2 a6 14. Rfc1 Qd7 15.
c5 b5 16. Qd1 Ne4 17. Be1 Ng5 18. Bf1 Bxf3 19. gxf3 Qf5 20. f4 Nxh3+ 21. Kh2
Nxf4 22. exf4 Qxf4+ 23. Kh3 Nxd4 24. Bg2 Rae8 25. Qg4 Qf5 26. Qxf5 Nxf5 27.
Bxd5 Re5 28. Bb3 Nh6 29. Ba5 c6 30. Bc7 Kh8 31. Bxe5 f6 32. Bd6 Re8 33. Re1 Rd8
34. Re7 Re8 35. Rxe8+ 1-0

[Event "Tournoi francophone 022D"]
[Site "Skype"]
[Date "????.??.??"]
[Round "6.1"]
[White "Bucherie, Volcy"]
[Black "De Fazio, Monica"]
[Result "0-1"]
[WhiteElo "1524"]
[BlackElo "1566"]
[PlyCount "86"]

1. Nf3 Nf6 2. d4 d5 3. c4 c6 4. cxd5 cxd5 5. Nc3 e6 6. a3 Be7 7. g3 O-O 8. Bg2
Nc6 9. O-O a6 10. Bf4 b5 11. Ne5 Bb7 12. Rc1 Rc8 13. Nxc6 Bxc6 14. Qc2 Bd6 15.
Bxd6 Qxd6 16. e4 dxe4 17. Nxe4 Bxe4 18. Bxe4 Rxc2 19. Rxc2 Nxe4 20. Rfc1 h6 21.
Re2 Qxd4 22. Kg2 Nd6 23. Rcc2 Rc8 24. Rcd2 Qb6 25. b4 Rc4 26. f4 Qc6+ 27. Kf2
Ne4+ 28. Ke3 Nxd2 29. Rxd2 Rc3+ 30. Kf2 Rc2 31. Ke3 Rxd2 32. Kxd2 Qg2+ 33. Kc3
Qxh2 34. Kb3 Qxg3+ 35. Ka2 h5 36. f5 h4 37. fxe6 Qf2+ 38. Kb3 Qe3+ 39. Ka2 h3
40. a4 h2 41. axb5 h1=Q 42. bxa6 Qxe6+ 43. Ka3 Qa1# 0-1

[Event "Tournoi francophone 022D"]
[Site "Skype"]
[Date "????.??.??"]
[Round "6.2"]
[White "Malbec, Robert"]
[Black "Farfallini, Michel"]
[Result "0-1"]
[WhiteElo "1499"]
[BlackElo "1642"]
[PlyCount "84"]

1. e4 e5 2. Nf3 Nc6 3. Bb5 a6 4. Bxc6 dxc6 5. d3 f6 6. Nh4 Be6 7. Be3 Ne7 8.
Qh5+ Bf7 9. Qe2 Qd7 10. O-O Ng6 11. Nf3 O-O-O 12. Nc3 Kb8 13. Rfd1 Bd6 14. d4
exd4 15. Nxd4 Ne7 16. a3 c5 17. Nf3 Nc6 18. Bxc5 Qe6 19. Bd4 Bh5 20. Qe3 Bxf3
21. Ba7+ Nxa7 22. Qxf3 Nc6 23. Nd5 Rhe8 24. Re1 Nd4 25. Qc3 Be5 26. Qc4 c6 27.
Nb6 Qxc4 28. Nxc4 Nxc2 29. Rac1 Nxe1 30. Rxe1 Bc7 31. g3 b5 32. Ne3 Rxe4 33.
Kg2 Rd2 34. Kf3 f5 35. Re2 Rxe2 36. Kxe2 f4 37. gxf4 Rxf4 38. Ng2 Ra4 39. f3
Bxh2 40. Ne3 Rd4 41. Nc2 Rd6 42. Nb4 Kb7 0-1

[Event "Tournoi francophone 022D"]
[Site "Skype"]
[Date "????.??.??"]
[Round "6.3"]
[White "Ruiz Aguilera, Juan Jesus"]
[Black "Vincent, Andre"]
[Result "1-0"]
[WhiteElo "1489"]
[BlackElo "1533"]
[PlyCount "79"]

1. e4 c5 2. Nf3 d6 3. d4 cxd4 4. Nxd4 Nf6 5. Nc3 a6 6. f4 Bg4 7. Be2 Bxe2 8.
Qxe2 e6 9. Qc4 Qd7 10. O-O Be7 11. Be3 O-O 12. Nce2 Nxe4 13. Qd3 d5 14. Nc3
Nxc3 15. bxc3 Rc8 16. Rab1 Qc7 17. f5 e5 18. Ne2 Qc6 19. Rb6 Qd7 20. Rfb1 Rc7
21. a3 Bxa3 22. c4 Bc5 23. Bxc5 Rxc5 24. Rxb7 Qc8 25. R7b6 Nd7 26. R6b2 Rxc4
27. Qxd5 Qc5+ 28. Qxc5 Rxc5 29. Ng3 g6 30. Rb7 Nf6 31. fxg6 hxg6 32. Rf1 Kg7
33. Rxf6 Kxf6 34. Ne4+ Kf5 35. Nxc5 f6 36. Rb4 a5 37. g4+ Kg5 38. Ne6+ Kh6 39.
Rb3 a4 40. Rh3# 1-0

[Event "Tournoi francophone 022D"]
[Site "Skype"]
[Date "????.??.??"]
[Round "6.4"]
[White "Busto, Ricardo"]
[Black "Milanese, Serge"]
[Result "0-1"]
[WhiteElo "1549"]
[BlackElo "1521"]
[PlyCount "50"]

1. d4 Nf6 2. c4 e6 3. Nf3 c5 4. d5 exd5 5. cxd5 d6 6. Bg5 Be7 7. g3 Nbd7 8. Bg2
O-O 9. O-O Ne4 10. Bxe7 Qxe7 11. Nbd2 Re8 12. Qc2 Ndf6 13. Nxe4 Nxe4 14. Rae1
Bf5 15. Nh4 Nxg3 16. Nxf5 Nxe2+ 17. Rxe2 Qxe2 18. Qxe2 Rxe2 19. Nxd6 Rxb2 20.
a4 a5 21. Nc4 Rb4 22. Nd6 b6 23. Nb7 Kf8 24. d6 Rg4 25. Nxc5 bxc5 0-1

[Event "Tournoi francophone 022D"]
[Site "Skype"]
[Date "????.??.??"]
[Round "6.5"]
[White "Briere, Jean"]
[Black "Le Bouill, Pierre"]
[Result "0-1"]
[WhiteElo "1585"]
[BlackElo "1534"]
[PlyCount "100"]

1. e4 d6 2. d4 Nf6 3. Nc3 e5 4. dxe5 dxe5 5. Qxd8+ Kxd8 6. Bg5 Be7 7. O-O-O+
Nfd7 8. Bxe7+ Kxe7 9. Nd5+ Kd8 10. Nf3 c6 11. Nc3 f6 12. Be2 a5 13. Na4 Kc7 14.
Nd2 b5 15. Nc3 Nc5 16. b3 Be6 17. f3 Nbd7 18. Kb2 b4 19. Na4 Nxa4+ 20. bxa4 Nc5
21. Bc4 Rhe8 22. Bb3 Bxb3 23. axb3 Rad8 24. Nc4 Rxd1 25. Rxd1 Nb7 26. c3 Rd8
27. Rxd8 Kxd8 28. cxb4 axb4 29. Kc2 Kc7 30. Kd3 Nc5+ 31. Kc2 Nb7 32. g4 g5 33.
Ne3 Nd6 34. Kd3 Nb7 35. Kc4 c5 36. Nd5+ Kc6 37. Nxf6 Na5+ 38. Kd3 Nxb3 39. Nxh7
Nc1+ 40. Kc4 b3 41. Kc3 c4 42. Nxg5 Kc5 43. h4 Ne2+ 44. Kb2 Nf4 45. h5 Kb4 46.
a5 Nd3+ 47. Kb1 Kxa5 48. h6 c3 49. h7 c2+ 50. Ka1 c1=Q# 0-1